000 00680cam a2200193 4500
001 WB3538-15
008 000000n1999 000 0 eng u
035 _a(Sirsi) u102819
245 _aImpact of landfill sites on health.
260 _c1999
490 _aDETR News Release
_v(928) 21 September 1999 (2)
520 _a Government has launched a research programme to investigate the health risks posed by landfill sites, particularly links between such sites and congenital anomalies.
650 _aLANDFILL SITES
650 _aWASTE MANAGEMENT
650 _aHEALTH AND SAFETY
_96244
650 _aEMISSIONS
690 _aENVIRONMENTAL AND LAND CONSULTANCY
942 _n0
999 _c61792
_d61792